Le concept de l'angoisse

Salvato in:
Dettagli Bibliografici
Natura: Libro
Lingua:francese
Pubblicazione: París Gallimard 1935
Serie:Classiques de la Philosophie
Soggetti:
Tags: Aggiungi Tag
Nessun Tag, puoi essere il primo ad aggiungerne!!

MARC

LEADER 00000nam a2200000 a 4500
001 UCZ2959
003 CL-VaPUC
008 951013e19350000FR |||||||||||||||||fre|d
082 0 4 |a 142.7  |b KIE  |2 21 
245 1 3 |a Le concept de l'angoisse 
300 |a 236 p 
942 |c BK 
945 |d 19951013 00:00:00  |a cmena 
260 |a París  |b Gallimard  |c 1935 
650 0 |a Existencialismo  |9 265698 
650 0 |a Naturaleza humana   |9 308593 
650 0 |a Escuelas filosóficas   |9 266232 
650 7 |a SUFRIMIENTO  |2 CL-VaPUC  |9 323030 
650 0 |a Conceptos morales   |9 310606 
583 |a last modification  |c 19951013 00:00:00  |k Rodrigo Vera 
490 0 |a Classiques de la Philosophie 
999 |c 239490  |d 239488 
952 |0 0  |1 0  |4 0  |6 142_700000000000000_KIE_1935  |7 0  |8 P  |9 250673  |a BIBEDU  |b BIBEDU  |c BIBEDU_PB  |d 2019-11-18  |i 1570439  |o 142.7 KIE 1935  |p 1570439  |r 2024-01-25  |w 2019-11-18  |y BK  |k FIL